Радиационный способ измерения плотности

Bibliografske podrobnosti
Glavni avtor: Сорокин В. Б. Владимир Борисович
Korporativna značnica: Томский политехнический институт (ТПИ) Научно-исследовательский институт электронной интроскопии
Izvleček:опубл. 27.02.96
Изобретение относится к области плотнометрии твердых тел по обратному рассеянию быстрых электронов методом порошковой металлургии и предназначено для измерения плотности в подслоях объектов, состоящих из слоев материалов разного вида, изготовленных преимущественно методами порошковой металлургии или гальваники.
Jezik:ruščina
Izdano:
Teme:
Online dostop:http://www1.fips.ru/fips_servl/fips_servlet?DB=RUPAT&rn=4479&DocNumber=1492908&TypeFile=html
Format: MixedMaterials Elektronski Knjiga
KOHA link:https://koha.lib.tpu.ru/cgi-bin/koha/opac-detail.pl?biblionumber=640815

MARC

LEADER 00000nlm0a2200000 4500
001 640815
005 20231101134131.0
029 1 0 |a RU  |b 1492908  |c А. с.  |d МПК G 01 N 9/24 
035 |a (RuTPU)RU\TPU\network\5406 
035 |a RU\TPU\network\5343 
039 0 |a RU  |b 4179993/25  |c 19870114 
090 |a 640815 
100 |a 20150427j19960227k y0rusy50 ca 
101 0 |a rus 
102 |a RU 
105 |a a k 000zy 
135 |a drcn ---uucaa 
181 0 |a i  
182 0 |a b 
200 1 |a Радиационный способ измерения плотности  |f В. Б. Сорокин  |g Томский политехнический институт (ТПИ), Научно-исследовательский институт электронной интроскопии 
203 |a Текст  |c электронный 
300 |a опубл. 27.02.96 
330 |a Изобретение относится к области плотнометрии твердых тел по обратному рассеянию быстрых электронов методом порошковой металлургии и предназначено для измерения плотности в подслоях объектов, состоящих из слоев материалов разного вида, изготовленных преимущественно методами порошковой металлургии или гальваники. 
610 1 |a патенты 
610 1 |a труды учёных ТПУ 
610 1 |a изобретения 
610 1 |a авторские свидетельства 
610 1 |a радиационный способ 
610 1 |a плотность 
610 1 |a твердые тела 
610 1 |a рассеяние 
610 1 |a быстрые электроны 
700 1 |a Сорокин  |b В. Б.  |c физик  |c старший научный сотрудник Томского политехнического университета  |f 1946-  |g Владимир Борисович  |2 stltpush  |3 (RuTPU)RU\TPU\pers\28148 
712 0 2 |a Томский политехнический институт (ТПИ)  |b Научно-исследовательский институт электронной интроскопии  |2 stltpush  |3 (RuTPU)RU\TPU\col\12415 
801 1 |a RU  |b 63413507  |c 20120201 
801 2 |a RU  |b 63413507  |c 20160607  |g RCR 
856 4 |u http://www1.fips.ru/fips_servl/fips_servlet?DB=RUPAT&rn=4479&DocNumber=1492908&TypeFile=html 
942 |c CF